Over/Under: Population Quiz Stats

 Plays Quiz not verified by Sporcle

Score 0/24 Timer 03:00
0 Plays Today
Question and Number Actual is Over or Under % Correct
USA: 300 million???
89.6%
India: 1 billion???
89.6%
France: 50 million???
85.9%
Canada: 40 million???
82.4%
Egypt: 100 million???
80.6%
UK: 75 million???
80.4%
Mexico: 100 million???
80.4%
Germany: 70 million???
78.9%
Turkey: 65 million???
77.9%
Iran: 95 million???
77.2%
Spain: 40 million???
72.7%
Netherlands: 20 million???
72.2%
Question and Number Actual is Over or Under % Correct
New Zealand: 6 million???
72%
Argentina: 55 million???
70.5%
Kyrgyzstan: 3 million???
70%
Japan: 150 million???
69.2%
North Korea: 30 million???
66.5%
China: 1,4 billion???
65%
Monaco: 25.000???
65%
Vietnam: 80 million???
63.8%
Philippines: 90 million???
62.5%
South Korea: 60 million???
62.3%
Russia: 150 million???
59.3%
Brazil: 225 million???
56.3%

You're not logged in!

Compare scores with friends on all Sporcle quizzes.
OR
Log In

You Might Also Like...

Show Comments

Extras

Top Quizzes Today


Score Distribution

Your Account Isn't Verified!

In order to create a playlist on Sporcle, you need to verify the email address you used during registration. Go to your Sporcle Settings to finish the process.

Report this User

Report this user for behavior that violates our Community Guidelines.

Details: